More NBA Players' Nicknames - Statistics

General Stats
  • This quiz has been taken 9 times
  • The average score is 57 of 318
Answer Stats
Player Nickname(s) % Correct
Glen Rice G Money / G
100%
Orlando Woolridge Obocop / O / Tree / Oh! Oh!
100%
Danny Manning D
80%
Donyell Marshall D / DMarsh / Yell
80%
Doug West Fresh / X
80%
Joe Bryant Jellybean / Bean / Joey / B / JB
80%
Larry Kenon K / Special K / Dr. K / Mr. K / Big Cat / Super K
80%
Tom Heinsohn Tommy / Tommy Gun / Ack-Ack / The Hawk / Dr. Hawkenstein / Heinie
80%
Anthony Bowie A.B. / Boo
60%
Robert Horry Big Shot Rob / Big Shot Bob / The Key Man
60%
Otis Birdsong Bird
60%
Derrick Coleman D.C.
60%
Greg Oden G.O.
60%
Jermaine O'Neal J.O. / The Kid / T.K.
60%
Kenyon Martin | Kevin Martin K-Mart
60%
Muggsy Bogues Muggs / Apple / Billy
60%
Richard Jefferson R.J.
60%
Rik Smits The Dunking Dutchman / Dutch Boy in the Paint / Dutch
60%
Anderson Varejão Wild Thing / Sideshow Bob
60%
Antoine Carr A.C. / The Big Dog
40%
Phil Jackson Action / The Zen Master
40%
Gilbert Arenas Agent Zero / The Hibachi / Gil / Nacho / Black President / General
40%
Andrei Kirilenko AK-47
40%
Ben Wallace Big Ben / Body / Debo
40%
Zydrunas Ilgauskas Big Z / Zabonis
40%
Chris Andersen Birdman
40%
Bingo Smith Bobby
40%
DeMarcus Cousins Boogie / DMC / Cuz
40%
Carlos Boozer Booz / CBooz / Booz Cruise
40%
Jim King Country / Jimmy / Mr. Hustle
40%
Toni Kukoč Croatian Sensation / The Waiter / Euro-Magic / The Pink Panther / Spider of Split / Kuki / Alien
40%
Kevin Willis Devo / Fresh / T-Rex
40%
Elton Brand E.B. / Old School Chevy / Horse / Slant / Chief Beef
40%
Eddie Jones E.J. / Steady Eddie
40%
Larry Johnson Grandmama / LG / Big L
40%
Derek Harper Harp
40%
Hersey Hawkins Hawk
40%
Vernon Maxwell Hawk / Mad Max
40%
Ron Harper Hollywood / Ohio Flyer / Harp
40%
Dan Issel Horse / Danny
40%
Jamal Crawford JC
40%
James Donaldson J.D. / Dukes
40%
Jim Jackson Jimmy
40%
Isaiah Rider J.R.
40%
Jason Richardson J-Rich
40%
Jason Terry J.T. / The Jet
40%
Kendall Gill KG
40%
Cliff Hagan Li'l Abner
40%
Maurice Lucas Luke / Mo / The Enforcer
40%
Maurice Cheeks Mo / Little Mo
40%
Marreese Speights Mo / Mo' Buckets
40%
Paul Mokeski Mo / Speed Bump
40%
John Paxson Pax / Johnny Pax / Johnny
40%
Joe Caldwell Pogo / Jumpin' Joe
40%
Richard Hamilton Rip / Hollywood / The Man in the Mask
40%
Rolando Blackman Ro
40%
Randolph Keys Rudy
40%
Rudy Tomjanovich Rudy T.
40%
John Salley Spider / Mr. May
40%
Jerry Sloan Spider / The Original Bull / Charley Hustle
40%
Jerry Stackhouse Stack / House
40%
Steve Francis Stevie Franchise
40%
Lou Hudson Sweet Lou / Super Lou
40%
Chris Kaman The Caveman
40%
Adrian Griffin The Hawk / Old School / Classic Sports
40%
Kenny Smith The Jet
40%
Avery Johnson The Little General / Taz / A.J.
40%
Antoine Walker Toine / Employee Number Eight / Cyber Toine
40%
Walter Davis Walt / Greyhound / Sweet D / Candyman / Man with the Velvet Touch
40%
Jason Williams White Chocolate / J-Dub / J-Will
40%
Xavier McDaniel X / X-Man / Mountain Man
40%
Anthony Bonner A.B.
20%
Mark Jackson Action
20%
Buck Williams Ajax
20%
Ömer Aşık Asik and Destroy / Turkish Hammer
20%
Shane Battier Batman / Battle
20%
Danny Granger Batman / The Gift
20%
Baron Davis B-Diddy / Boom Dizzle / The Beard
20%
Brian Grant B.G. / The General
20%
Glen Davis Big Baby / Large Infant / Uno-Uno
20%
P.J. Brown Big Cat
20%
Bryant Reeves Big Country
20%
Darrall Imhoff Big D / Ax
20%
Elden Campbell Big E / Easy
20%
Todd MacCulloch Big Mac
20%
George McGinnis Big Mac / Baby Bull / McGinnis the Magnificent / Big George
20%
Sam Perkins Big Smooth / Sleepy Sam
20%
Thurl Bailey Big T
20%
Daniel Gibson Boobie
20%
Lance Stephenson Born Ready
20%
Randy Breuer Brew
20%
Frank Brickowski Brick
20%
James Edwards Buddha
20%
Bob Love Butterbean / Bean
20%
Stephen Jackson Cap'n Jack / Stack Jack
20%
Chris Bosh CB4 / The Bostrich / Boshasaurus / King of the Dragons
20%
Charles Davis Charlie
20%
Royal Ivey Cheese / Smoke
20%
Darryl Dawkins Chocolate Thunder / Double D / Dawk / Dr. Dunk / Sir Slam / Zandokan the Mad Dunker
20%
Clifford Robinson Cliff / Uncle Cliffy
20%
Gerald Wallace Crash / G-Force
20%
John Battle Cricket / Pickle / J.B.
20%
Derek Fisher D-Fish
20%
Antonio McDyess Dice
20%
Fred Brown Downtown / Freddie
20%
Darrell Griffith Dr. Dunkenstein / Griff
20%
Kevin Duckworth Duck
20%
Eddie Johnson Fast Eddie
20%
Michael Finley Fin Dawg
20%
Corey Maggette Five-Oh
20%
Rick Fox Foxy
20%
Jeff Hornacek Horny / Scarecrow
20%
Steve Kerr Ice
20%
Eric Snow Ice / E-Snow
20%
A.C. Green Iron Man
20%
Jon Barry J.B.
20%
Junior Bridgeman J.B. / The Torch
20%
Jalen Rose Jinx
20%
James Jones JJ
20%
Kevin Johnson K.J.
20%
Bill Laimbeer Lambs / Lamb / Freddie / The Prince of Darkness / His Heinous
20%
Larry Nance Little Hawk
20%
Nate McMillan Mac / Mr. Sonic
20%
Mark Madsen Mad Dog
20%
Vinnie Johnson Microwave / V.J. / Hoo / Mookie
20%
Marques Johnson M.J.
20%
Jamal Mashburn Monster Mash
20%
Morris Peterson Mo Pete / Shotgun
20%
Chauncey Billups Mr. Big Shot / Smooth
20%
Austin Carr Mr. Cavalier
20%
Campy Russell Mr. Moves
20%
Don Nelson Nellie
20%
Nick Van Exel Nick the Quick / Nick at Nite
20%
Charles Oakley Oak Tree / Oak
20%
Mark Price OK Kid
20%
Kendrick Perkins Perk / Swamp Thing
20%
Dražen Petrović Petro / Mozart of the Hoops
20%
Calvin Murphy Pocket Rocket / Cal
20%
World B. Free Prince of Mid-Air / All-World / Brownsville Bomber
20%
Quentin Richardson Q-Rich
20%
Matt Bonner Red Rocket / Red Mamba / Sandwich Hunter / Coach "B"
20%
Shareef Abdur-Rahim Reef
20%
Mitch Richmond Rock
20%
Shandon Anderson Rod
20%
Sam Cassell Sam I Am
20%
Tom Sanders Satch
20%
Shaun Livingston S Dot
20%
Rasheed Wallace Sheed / Roscoe / Dirty 30
20%
Rafer Alston Skip 2 My Lou
20%
Steve Smith Smitty
20%
Larry Hughes Smooth
20%
Clark Kellogg Special K
20%
Latrell Sprewell Spree
20%
Stephon Marbury Starbury / Coney Island's Finest / Steph
20%
Amar'e Stoudemire S.T.A.T. / The Little Tyrant / Little Lord
20%
Rasual Butler Sual Bop
20%
Mario Chalmers Super Mario / The Superintendant / Rio
20%
Greg Ostertag Tag / The Big O
20%
Terrell Brandon Tee Bee
20%
Bonzi Wells The Bonz
20%
Leandro Barbosa The Brazilian Blur / Leandrinho
20%
Marcus Camby The Camby Man / Marcus Can't Be
20%
Brian Cardinal The Custodian / Citizen Pain / The Janitor
20%
LaPhonso Ellis The Fonz
20%
Horace Grant The General / The Enforcer
20%
Detlef Schrempf The Grand Teuton
20%
B.J. Armstrong The Kid
20%
Luol Deng The Man from Sudan / Deng-erous
20%
Shawn Marion The Matrix
20%
Fred Hoiberg | Steve Mix The Mayor
20%
Chuck Person The Rifleman
20%
Shawn Bradley The Stormin' Mormon
20%
Dan Majerle Thunder Dan
20%
Tim Hardaway Tim Bug
20%
Tyreke Evans Too Easy / Reke Havoc
20%
Joel Przybilla Vanilla Gorilla / Ghostface
20%
Vin Baker Vinnie
20%
Brian Scalabrine White Mamba / Veal Scalabrine / The Ginger Ninja / Scal
20%
Chucky Brown Wild Thing
20%
Zach Randolph Z-Bo
20%
Mark Aguirre Ziggy
20%
Larry Siegfried Ziggy / Sieggy
20%
Dennis Scott 3-D
0%
Mickaël Piétrus Air France
0%
Alaa Abdelnaby Alphabet / The Pharaoh / Black Hole
0%
Al Harrington Baby Al
0%
Brendan Haywood Baby Huey
0%
Jim Barnett Barney
0%
Damon Jones Basketball Jones / The Specialist / Best Shooter in the World
0%
Andris Biedriņš Beans
0%
Mychal Thompson Bells / Sweet Bells
0%
Mike Bibby Bib
0%
Drew Gooden Big Drizzle / The Truth / Recede Wallace / Gooden Plenty
0%
John Thompson Big John
0%
Ricky Pierce Big Paper Daddy / Deuces
0%
Kelenna Azubuike Big Time Buike
0%
Aaron McKie Blue
0%
Bob Dandridge Bobby D / Greyhound
0%
Boris Diaw Bobo / 3D / French Magician
0%
Brent Barry Bones
0%
Ron Brewer Boot
0%
Brandon Roy B-Roy / Daggers / The Natural
0%
Brian Shaw B. Shaw
0%
Billy Thompson B.T. Express
0%
Channing Frye Buffet of Goodness
0%
Bob Boozer Bullet Bob
0%
Andray Blatche Bulletproof
0%
James Silas Captain Late / The Snake / The Late Mr. Si
0%
Dick Cunningham Cement Mixer
0%
Norris Cole Cole Train
0%
Michael Cooper Coop / Mike
0%
Kurt Thomas Crazy Eyes / Mid-Life / Dirty Kurt
0%
Jameer Nelson Crib Midget
0%
Dee Brown Dee-lightful
0%
Rudy LaRusso Deuce / The Ivy Leaguer with Muscles / Honey Boy / Musty / Brutus / Roughhouse Rudy
0%
Trent Tucker Doc
0%
Alvan Adams Double A / The Oklahoma Kid
0%
Chris Dudley Dr. Crash
0%
Donald Royal D. Rock
0%
Craig Ehlo Eggs / Mr. Everything
0%
Sidney Green El Sid
0%
Ed Pinckney E-Z Ed / Eddie
0%
Tom Tolbert Fabian
0%
David Wingate Gate
0%
Mike Gminski G-Man
0%
Greg Anthony G-Money
0%
Jack Sikma Goldilocks / Banger
0%
Cliff Levingston Good News
0%
Tom Gugliotta Googs
0%
Mel Counts Goose
0%
Tom Hammonds Hambone / The Terminator
0%
Hakim Warrick Helicopter / Skinny
0%
Rod Strickland Hot Rod
0%
Isaac Austin Ike
0%
Joe Johnson Iso Joe / Joe Cool / Big Shot Joe / Armadillo Cowboy
0%
Johnny Newman J. New
0%
Jon McGlocklin Jonny Mac
0%
Josh Harrellson Jorts
0%
Tony Wroten Junkyard Dog / Wrecking Ball
0%
Jon Koncak Kak / Jon Contract
0%
Dale Ellis Lamar Mundane
0%
Truck Robinson Len
0%
Linas Kleiza Linas the Menace
0%
Luke Walton Little Wheats
0%
Byron Scott Lord Byron
0%
Tyronn Lue Lue Hefner
0%
Luther Rackley Luke
0%
Dave Corzine Lumber / The Lumberjack
0%
Anthony Mason Mase
0%
Damon Stoudamire Mighty Mouse / Little Flying Mouse
0%
Michael Doleac Mike
0%
Monta Ellis Mississippi Bullet / Robin
0%
Roger Mason MoneyMase
0%
Timofey Mozgov Mozzy
0%
Bill Cartwright Mr. Bill / Teach / Dollar Bill / Medical Bill / Billy Idle
0%
Charles Smith Mr. Fluid
0%
Nick Collison Mr. Thunder
0%
Matt Geiger Muldoon
0%
Sean Elliott Ninja / Silly
0%
Juwan Howard Nook
0%
Patrick O'Bryant Notorious P.O.B.
0%
José Calderón Numero Ocho / Mr. Catering
0%
DeShawn Stevenson Papa Smurf / The Locksmith
0%
Terry Cummings Preacher / T.C.
0%
Quincy Pondexter Q-Pon
0%
Kurt Rambis Rambo / Clark Kent
0%
Michael Redd Redd Hot / Silky
0%
Rick Mahorn Ricky / McNasty / Leon
0%
Reggie Theus Riverboat Reggie
0%
Šarūnas Marčiulionis Rooney
0%
Arvydas Sabonis Sabas
0%
Scot Pollard Samurai Scott
0%
Rony Seikaly Seik
0%
Gary Trent Shaq of the MAC
0%
Malik Rose Shaq of the NAC
0%
Iman Shumpert Shump
0%
Jamaal Wilkes Silk
0%
Reggie Williams Silk / Russ
0%
Keith Askins Skeeter
0%
Mike Miller Skinny
0%
Dick Barnett Skull / Fall Back Baby
0%
Stacey King Sky / Pearl
0%
Gabe Pruitt Smilin' Gabe
0%
Scott Skiles Spunk
0%
Gail Goodrich Stumpy / The Stump
0%
Micheal Ray Richardson Sugar Ray / Mike
0%
Rashard Lewis Sweet Lew
0%
Scott Williams Tank
0%
Tayshaun Prince Tay Compton Kid
0%
Tom Chambers T.C.
0%
Ryan Hollins The Booty Call
0%
Daequan Cook The Chef
0%
Martell Webster The Definition
0%
Corey Brewer The Drunken Dribbler / Greyhound
0%
Gary Grant The General
0%
Tony Allen The Grindfather
0%
Mo Williams The Hitman
0%
Sasha Vujačić The Machine
0%
Mike Dunleavy Jr. The Natural
0%
Dick Van Arsdale The Original Sun / The Flying Dutchman
0%
Stacey Augmon The Plastic Man
0%
Steven Hunter The Postman
0%
J.R. Smith The Prodigy / J.R. Swish
0%
Andre Miller The Professor
0%
Bobby Jones The Secretary of Defense
0%
Earl Cureton The Twirl
0%
Willie Naulls The Whale
0%
Gus Williams | Walt Williams The Wizard
0%
Troy Hudson T-Hud / Laker Killer
0%
Travis Outlaw Trout
0%
Caron Butler Tuff Juice
0%
Wally Szczerbiak Wally World
0%
Will Perdue Will Vanderbilt
0%
Scott Brooks Wonderdog
0%
Joel Anthony Yaowa / Doc
0%
No matching quizzes found
Score Distribution
Percent of People with Each Score
Percentile by Number Answered
Your Score History
You have not taken this quiz